00638cam a2200217Ia 4500020001500000020001800015022002600033040000800059100002100067245005400088250004100142300002600183490002700209500004700236650003200283650003200315650002600347650002000373942001000393999001700403 a9251055637 a9789251055632 a341 FAO 2006 A042 Or. cUAB1 aCotula, Lorenzo.10aGender and law :bwomen's rights in agriculture / a[Second revised and updated edition] ax, 184 pages ;c24 cm1 aFAO legislative study, a"TC/M/A0686E/1/9.09/1000"--P. [4] of cover 0aWomen agricultural laborers 0aWomen agricultural laborers 0aWomen in agriculture. 0aWomen's rights. cAEDBB c20856d20856